000 01751nam a2200337 a 4500
005 20191224041543.0
008 140224t1999 it fr|||| 000 0 spa d
040 _aCO-BoIAVH
_cCO-BoIAVH
041 0 _aspa
044 _ait
082 0 4 _a363.78
_bO68n
110 2 _bOrganización de las Naciones Unidas para la Agricultura y la Alimentación
245 1 0 _aNormas internacionales para medidas fitosanitarias
260 _aRoma :
_bFAO,
_cc1999.
300 _a10 volúmenes ;
_c21 x 15 cm.
505 _aVolumen 1: Norma de referencia: Principios de cuarentena fitosanitaria en relación con el comercio internacional.
505 _aVolumen 2: Sección 1- Reglamentación para la importación. Directrices para el análisis de riesgo de plagas.
505 _aVolumen 3: Sección 1- Reglamentación para la importación. Código de conducta para la importación y liberación de agentes exóticos de control biológico.
505 _aVolumen 4: Sección 4- Vigilancia de plagas. Requisitos para el establecimiento de áreas libres de plagas.
505 _aVolumen 6: Directrices para la vigilancia.
505 _aVolumen 7: Sistema de certificación para la exportación.
505 _aVolumen 8: Determinación de la situación de una plaga en un área.
505 _aVolumen 9: Directrices para los programas de erradicación de plagas.
505 _aVolumen 10: Requisitos para el establecimiento de lugares de producción libres de plagas y sitios de producción libres de plagas.
650 1 6 _aLegislación ambiental
650 1 6 _aFitosanidad
650 2 6 _aComercio internacional
650 2 6 _aCuarentena fitosanitaria
650 2 6 _aControl biológico de plagas
942 _cLIBRO
_2ddc
999 _c807
_d807